000
00308nam a22001337a 4500
008
181205b xxu||||| |||| 00| 0 eng d
020
_a
9781556423802
041
_a
eng
080
_a
611
100
_a
7
101
_a
ANA
245
_a
Physiology The Basis of Clinical Practice
_c
Irion,G
942
_2
udc
_c
BK
999
_c
52878
_d
52878